000
00304nam a22001457a 4500
020
_a
978812647748-7
082
_a
894.812.3
_b
NIS/O
100
_a
NISHANTH, DEEPA
245
_a
OTTAMARAPPEYTH
260
_a
KOTTAYAM
_b
DC BOOKS
_c
2019
300
_a
135
520
_a
NOVEL
650
_a
NOVEL
942
_c
BK
999
_c
4777
_d
4777